Педагогика: учебник

Detalhes bibliográficos
Outros Autores: Крившенко Л. П. Поликарповна (редактор)
Resumo:В учебнике раскрыты проблемы дидактики, рассмотрены проблемы общей педагогики и управления педагогическими системами, социальной и коррекционной педагогики, теория воспитания с учетом достижений современной науки и педагогического опыта. Учебник написан в соответствии с государственным образовательным стандартом высшего профессионального образования Российской Федерации.
Idioma:russo
Publicado em: Москва, Проспект, 2012
Assuntos:
Formato: Livro
KOHA link:https://koha.lib.tpu.ru/cgi-bin/koha/opac-detail.pl?biblionumber=217134

MARC

LEADER 00000nam0a2200000 4500
001 217134
005 20231101230106.0
010 |a 9785392027293 
035 |a (RuTPU)RU\TPU\book\237116 
090 |a 217134 
100 |a 20120531d2012 m y0rusy50 ca 
101 0 |a rus 
102 |a RU 
105 |a y j 001zy 
200 1 |a Педагогика  |e учебник  |f под ред. Л. П. Крившенко 
210 |a Москва  |c Проспект  |d 2012 
215 |a 429 с. 
320 |a Библиография в конце глав. 
320 |a Тезаурус: с. 414-422. 
330 |a В учебнике раскрыты проблемы дидактики, рассмотрены проблемы общей педагогики и управления педагогическими системами, социальной и коррекционной педагогики, теория воспитания с учетом достижений современной науки и педагогического опыта. Учебник написан в соответствии с государственным образовательным стандартом высшего профессионального образования Российской Федерации. 
606 1 |a Педагогика общая  |2 stltpush  |3 (RuTPU)RU\TPU\subj\48422  |9 67292 
610 1 |a методология 
610 1 |a воспитание 
610 1 |a образование 
610 1 |a личность 
610 1 |a педагогические исследования 
610 1 |a методы 
610 1 |a средства 
610 1 |a формы 
610 1 |a коллектив 
610 1 |a воспитательные технологии 
610 1 |a семейное воспитание 
610 1 |a дидактика 
610 1 |a законы 
610 1 |a принципы 
610 1 |a содержание 
610 1 |a учебные процессы 
610 1 |a контроль 
610 1 |a диагностика 
610 1 |a педагогические технологии 
610 1 |a управление 
610 1 |a образовательные системы 
610 1 |a коррекционная педагогика 
610 1 |a социальная педагогика 
610 1 |a учебники 
686 |a Ч31я73  |v LBC/SL-A  |2 rubbk 
702 1 |a Крившенко  |b Л. П.  |g Поликарповна  |4 340 
801 1 |a RU  |b 63413507  |c 20120531 
801 2 |a RU  |b 63413507  |c 20180202  |g RCR 
900 |a Педагогика и психология 
900 |a Теория и методика профессионального образования 
942 |c BK 
952 |b 050100 
959 |a 87/20120531  |d 2  |e 220,00  |f ЧЗГЛ:1  |f АНЛ:1